000 00848nmc a2200313 a 4500
003 AR-BaBNM
005 20251128210630.0
008 200020s2000 ||||||||||||||000 | spa||
020 _a950-802-111-x
040 _cAR-BaBNM
100 1 _aRotondi, Gabriela
245 1 0 _aPobreza y masculinidad
_bel urbano marginal
250 _a1ª ed.
260 _aBuenos Aires
_bEspacio
_c2000
300 0 _a159 p.
490 0 _aCiencias sociales
500 0 _aContiene referencias bibliográficas y anexos con información estadística
650 4 _aPOBREZA
650 4 _aSOCIOLOGIA URBANA
650 4 _aTRABAJADORAS
650 4 _aMERCADO DE TRABAJO
650 4 _aEMPLEO DE LAS MUJERES
650 4 _aHOMBRE
650 4 _aESTRUCTURA FAMILIAR
650 4 _aMETODOS DE INVESTIGACION
653 0 _aGENERO
942 _cBK
998 _cRAQUEL
999 _c16267
_d16267